LEADER 01053cam0-2200325---450- 001 990004173310403321 005 20150930131712.0 035 $a000417331 035 $aFED01000417331 035 $a(Aleph)000417331FED01 035 $a000417331 100 $a19990604d1997----km-y0itay50------ba 101 0 $aita 102 $aIT 105 $aa---b---101yy 200 1 $aAntichitą e belle arti$ele istituzioni$emostra documentaria, Napoli, Archivio di Stato, Sala Filangieri, 5 novembre 1997-31 maggio 1998 210 $aNapoli$cLuciano$d1997 215 $a215 p.$cill.$d24 cm 610 0 $aPatrimonio archeologico$aTutela$aSec. 19.$aCatalogo$a1998 610 0 $aPatrimonio artistico$aTutela$aSec. 19.$aCatalogo$a1998 676 $a354.45700859 676 $a363.690945731 712 02$aArchivio di Stato di Napoli 801 0$aIT$bUNINA$gRICA$2UNIMARC 901 $aBK 912 $a990004173310403321 952 $a363.69 MOSTRE NAPOLI 1998$bBibl. 25470$fFLFBC 959 $aFLFBC 996 $aAntichitą e Belle Arti$9485883 997 $aUNINA LEADER 01058nas 2200373 c 450 001 9910895914103321 005 20260218111934.0 035 $a(CKB)2660000000038901 035 $a(OCoLC)859623244 035 $a(DE-101)1042682860 035 $a(DE-599)ZDB2736248-6 035 $a(DE-599)2736248-6 035 $a(EXLCZ)992660000000038901 100 $a20131008a20069999 |y | 101 0 $afre 135 $aur||||||||||| 181 $ctxt$2rdacontent 182 $cc$2rdamedia 183 $acr$2rdacarrier 200 00$aAnnales des Sciences et Technologie$eAST ; revue pe?riodique universitaire en sciences et technologie$fe?d. par l?Universite? Kasdi Merbah Ouargla 210 31$aOuargla$d2006- 215 $aOnline-Ressource 311 08$a2170-0672 517 3 $aAST 608 $aZeitschrift$2gnd-content 676 $a600 676 $a620 801 0$b0355 801 1$bDE-101 801 2$b9999 906 $aJOURNAL 912 $a9910895914103321 996 $aAnnales des Sciences et Technologie$94241926 997 $aUNINA